000
00272nam a22001097a 4500
008
160512b xxu||||| |||| 00| 0 eng d
020
_a
9780470151136
041
_a
eng
080
_a
61
245
_a
Glaciers and landscape:
_c
David E. Sugden; Brian S. John;
942
_2
udc
_c
BK
999
_c
2077
_d
2077